Formální stránka pracovní návštěvy. Do Evropy v tričku ne. 6.

Každá pracovná alebo obchodná návšteva pozostáva z dvoch častí - vecnej a formálnej. Vecnou stránkou je to, čo sa má prejednať, formálnou časťou je určitý poriadok a organizačná stránka návštevy. Popis prípravy, zahájenia, priebehu a ukončenia pracovnej a obchodnej návštevy.

Guardado en:
Detalles Bibliográficos
Autor principal: Šroněk, I.
Formato: Capítulo de libro
Lenguaje:checo
Materias:
Etiquetas: Agregar Etiqueta
Sin Etiquetas, Sea el primero en etiquetar este registro!

MARC

LEADER 00000naa a2200000 4500
001 r011735
005 20220831083636.0
041 0 |a cze 
044 |a [CS] 
245 1 0 |a Formální stránka pracovní návštěvy.  |b Do Evropy v tričku ne. 6.  |c I. Šroněk 
520 |a Každá pracovná alebo obchodná návšteva pozostáva z dvoch častí - vecnej a formálnej. Vecnou stránkou je to, čo sa má prejednať, formálnou časťou je určitý poriadok a organizačná stránka návštevy. Popis prípravy, zahájenia, priebehu a ukončenia pracovnej a obchodnej návštevy. 
610 2 0 |a etiketa 
610 2 0 |a porady 
610 2 0 |a pohostinstvo 
100 1 |a Šroněk, I.